|
|
|
|
| LEADER |
00000nam0a2200000 4500 |
| 001 |
291067 |
| 005 |
20231102000341.0 |
| 020 |
|
|
|a RU
|b 84-3903
|
| 035 |
|
|
|a (RuTPU)RU\TPU\book\315629
|
| 090 |
|
|
|a 291067
|
| 100 |
|
|
|a 20150410d1984 k y0rusy5003 ca
|
| 101 |
0 |
|
|a rus
|
| 102 |
|
|
|a RU
|
| 105 |
|
|
|a a z 001zy
|
| 200 |
1 |
|
|a Интерпретирующие программные средства обработки информации
|f В. А. Гринштейн, Ю. М. Черкасов, В. И. Яловецкий
|g под ред. Ю. М. Черкасова
|
| 210 |
|
|
|a Москва
|c Радио и связь
|d 1984
|
| 215 |
|
|
|a 191 с.
|c ил.
|
| 320 |
|
|
|a Библиогр.: с. 187-190
|
| 606 |
|
|
|a Интерпретаторы
|2 stltpush
|3 (RuTPU)RU\TPU\subj\12837
|9 39547
|
| 610 |
1 |
|
|a программные средства
|
| 610 |
1 |
|
|a информация
|
| 610 |
1 |
|
|a обработка
|
| 610 |
1 |
|
|a цифровые вычислительные машины
|
| 610 |
1 |
|
|a программы
|
| 675 |
|
|
|a 681.3.068
|v 3
|
| 700 |
|
1 |
|a Гринштейн
|b В. А.
|g Виктор Акивович
|
| 701 |
|
1 |
|a Черкасов
|b Ю. М.
|g Юрий Михайлович
|
| 701 |
|
1 |
|a Яловецкий
|b В. И.
|g Владимир Иосифович
|
| 702 |
|
1 |
|a Черкасов
|b Ю. М.
|g Юрий Михайлович
|4 340
|
| 801 |
|
0 |
|a RU
|b RuMRKP
|c 19950704
|g psbo
|
| 801 |
|
1 |
|a RU
|b 63413507
|c 20150410
|
| 801 |
|
2 |
|a RU
|b 63413507
|c 20171128
|g RCR
|
| 942 |
|
|
|c BK
|